Law and order in British politics
| Beteiligte: | |
|---|---|
| Medienart: | Druck Buch |
| Sprache: | Englisch |
| Veröffentlicht: |
Aldershot, Hampshire
Gower
1984
|
| In: | Jahr: 1984 |
| Bestand in Tübingen: | In Tübingen vorhanden. UB: KB 17 A 590 UB: KB 16 A 815 |
| Verfügbarkeit prüfen: | HBZ Gateway |
| Subito Bestelldienst: | Jetzt bestellen. |
| Schlagwörter: |
MARC
| LEADER | 00000cam a2200000 c 4500 | ||
|---|---|---|---|
| 001 | 1649526806 | ||
| 003 | DE-627 | ||
| 005 | 20251225205530.0 | ||
| 007 | tu | ||
| 008 | 900209s1984 xx ||||| 00| ||eng c | ||
| 010 | |a 84018722 | ||
| 016 | 7 | |a b8430513 |2 UK | |
| 020 | |a 056600688X |9 0-566-00688-X | ||
| 035 | |a (DE-627)1649526806 | ||
| 035 | |a (DE-576)019663544 | ||
| 035 | |a (DE-599)BSZ019663544 | ||
| 035 | |a (OCoLC)222606246 | ||
| 040 | |a DE-627 |b ger |c DE-627 |e rakwb | ||
| 041 | |a eng | ||
| 050 | 0 | |a KD8035 | |
| 082 | 0 | |a 344.104'53 | |
| 082 | 0 | |a 344.10453 | |
| 082 | 0 | |a 364/.941 | |
| 245 | 0 | 0 | |a Law and order in British politics |c ed. by Philip Norton |
| 264 | 1 | |a Aldershot, Hampshire |b Gower |c 1984 | |
| 300 | |a VIII, 224 S. | ||
| 336 | |a Text |b txt |2 rdacontent | ||
| 337 | |a ohne Hilfsmittel zu benutzen |b n |2 rdamedia | ||
| 338 | |a Band |b nc |2 rdacarrier | ||
| 650 | 4 | |a Great Britain. Public order. Law | |
| 655 | 7 | |a Aufsatzsammlung |0 (DE-588)4143413-4 |0 (DE-627)105605727 |0 (DE-576)209726091 |2 gnd-content | |
| 689 | 0 | 0 | |d g |0 (DE-588)4022153-2 |0 (DE-627)104665513 |0 (DE-576)208942076 |a Großbritannien |2 gnd |
| 689 | 0 | 1 | |d s |0 (DE-588)4128511-6 |0 (DE-627)105716820 |0 (DE-576)209602716 |a Sicherheit und Ordnung |2 gnd |
| 689 | 0 | 2 | |d s |0 (DE-588)4076217-8 |0 (DE-627)106083422 |0 (DE-576)209201207 |a Politische Einstellung |2 gnd |
| 689 | 0 | |5 (DE-627) | |
| 700 | 1 | |a Norton, Philip |d 1951- |e Hrsg. |0 (DE-588)132790564 |0 (DE-627)526970685 |0 (DE-576)162402368 |4 edt | |
| 951 | |a BO | ||
| ELC | |b 1 | ||
| LOK | |0 000 xxxxxcx a22 zn 4500 | ||
| LOK | |0 001 3333689227 | ||
| LOK | |0 003 DE-627 | ||
| LOK | |0 004 1649526806 | ||
| LOK | |0 005 20020606000000 | ||
| LOK | |0 008 900209||||||||||||||||ger||||||| | ||
| LOK | |0 040 |a DE-21 |c DE-627 |d DE-21 | ||
| LOK | |0 852 |a DE-21 | ||
| LOK | |0 852 1 |c KB 16 A 815 |9 00 | ||
| LOK | |0 935 |a krim | ||
| LOK | |0 936ln |a k2.4 | ||
| LOK | |0 939 |a 09-02-90 |b l01 | ||
| LOK | |0 000 xxxxxcx a22 zn 4500 | ||
| LOK | |0 001 3333689235 | ||
| LOK | |0 003 DE-627 | ||
| LOK | |0 004 1649526806 | ||
| LOK | |0 005 20000406000000 | ||
| LOK | |0 008 900709||||||||||||||||ger||||||| | ||
| LOK | |0 040 |a DE-21 |c DE-627 |d DE-21 | ||
| LOK | |0 852 |a DE-21 | ||
| LOK | |0 852 1 |c KB 17 A 590 |9 00 | ||
| LOK | |0 935 |a krim | ||
| LOK | |0 936ln |a k1 | ||
| LOK | |0 939 |a 09-07-90 |b l02 | ||
| ORI | |a SA-MARC-krimdoka001.raw | ||
| SIG | |a UB: KB 17 A 590 | ||
| SIG | |a UB: KB 16 A 815 | ||
| TIM | |a 100017070101_100020261231 |b 1707 - 2026 | ||
